<?xml version="1.0" encoding="UTF-8"?>
<collection xmlns="http://www.loc.gov/MARC21/slim">
 <record>
  <leader>01820pam a22003018a 4500</leader>
  <controlfield tag="001">00023414</controlfield>
  <controlfield tag="008">110622s2004                  ||||||Viesd</controlfield>
  <controlfield tag="005">20171026081022.0</controlfield>
  <datafield tag="041" ind1="0" ind2="#">
   <subfield code="a">Vie</subfield>
  </datafield>
  <datafield tag="082" ind1="1" ind2="4">
   <subfield code="a">511</subfield>
   <subfield code="b">T406R</subfield>
  </datafield>
  <datafield tag="100" ind1="0" ind2="#">
   <subfield code="a">Phạm Thế Long</subfield>
   <subfield code="e">chủ biên</subfield>
  </datafield>
  <datafield tag="245" ind1="0" ind2="0">
   <subfield code="a">Toán rời rạc</subfield>
   <subfield code="b">Giáo trình cao đẵng sư phạm</subfield>
   <subfield code="c">Phạm Thế Long, Nguyễn Xuân Viên, Nguyễn Thiện Luân, Nguyễn Đức Hiệu</subfield>
  </datafield>
  <datafield tag="260" ind1="#" ind2="#">
   <subfield code="a">H.</subfield>
   <subfield code="b">ĐH Sư phạm</subfield>
   <subfield code="c">2004</subfield>
  </datafield>
  <datafield tag="300" ind1="#" ind2="#">
   <subfield code="a">276 tr.</subfield>
   <subfield code="c">24 cm.</subfield>
  </datafield>
  <datafield tag="500" ind1="#" ind2="#">
   <subfield code="a">Bộ GD &amp; ĐT. Dự án đào tạo giáo viên trung học cơ sở</subfield>
  </datafield>
  <datafield tag="650" ind1="#" ind2="4">
   <subfield code="a">Giáo trình</subfield>
  </datafield>
  <datafield tag="650" ind1="#" ind2="4">
   <subfield code="a">Toán rời rạc</subfield>
  </datafield>
  <datafield tag="653" ind1="#" ind2="#">
   <subfield code="a">Đại số boole</subfield>
  </datafield>
  <datafield tag="653" ind1="#" ind2="#">
   <subfield code="a">Đồ thị</subfield>
  </datafield>
  <datafield tag="700" ind1="0" ind2="#">
   <subfield code="a">Nguyễn Thiện Luân</subfield>
   <subfield code="e">tác giả</subfield>
  </datafield>
  <datafield tag="700" ind1="0" ind2="#">
   <subfield code="a">Nguyễn Xuân Viên</subfield>
   <subfield code="e">tác giả</subfield>
  </datafield>
  <datafield tag="700" ind1="0" ind2="#">
   <subfield code="a">Nguyễn Đức Hiệu</subfield>
   <subfield code="e">tác giả</subfield>
  </datafield>
  <datafield tag="852" ind1="#" ind2="#">
   <subfield code="b">Kho mượn</subfield>
   <subfield code="j">KGT.0001797</subfield>
  </datafield>
  <datafield tag="852" ind1="#" ind2="#">
   <subfield code="j">KGT.0001797</subfield>
   <subfield code="b">Kho giáo trình</subfield>
  </datafield>
  <datafield tag="852" ind1="#" ind2="#">
   <subfield code="j">KGT.0001797</subfield>
   <subfield code="j">KGT.0001798</subfield>
   <subfield code="j">KGT.0001801</subfield>
   <subfield code="j">KGT.0001802</subfield>
   <subfield code="j">KGT.0001804</subfield>
   <subfield code="j">KGT.0001805</subfield>
   <subfield code="j">KGT.0001807</subfield>
   <subfield code="j">KGT.0001808</subfield>
   <subfield code="j">KGT.0001812</subfield>
   <subfield code="j">KGT.0001813</subfield>
   <subfield code="j">KGT.0001815</subfield>
   <subfield code="j">KGT.0001816</subfield>
   <subfield code="j">KGT.0001820</subfield>
   <subfield code="j">KGT.0001821</subfield>
   <subfield code="j">KGT.0001823</subfield>
   <subfield code="j">KGT.0001824</subfield>
   <subfield code="j">KGT.0001826</subfield>
   <subfield code="j">KGT.0001829</subfield>
   <subfield code="j">KGT.0001831</subfield>
   <subfield code="j">KGT.0001832</subfield>
   <subfield code="j">KGT.0001834</subfield>
   <subfield code="j">KGT.0001835</subfield>
   <subfield code="j">KGT.0001839</subfield>
   <subfield code="j">KGT.0001840</subfield>
   <subfield code="j">KGT.0001842</subfield>
   <subfield code="j">KGT.0001843</subfield>
   <subfield code="j">KGT.0001845</subfield>
   <subfield code="j">KGT.0001848</subfield>
   <subfield code="j">KGT.0001799</subfield>
   <subfield code="j">KGT.0001800</subfield>
   <subfield code="j">KGT.0001810</subfield>
   <subfield code="j">KGT.0001818</subfield>
   <subfield code="j">KGT.0001819</subfield>
   <subfield code="j">KGT.0001828</subfield>
   <subfield code="j">KGT.0001837</subfield>
   <subfield code="j">KGT.0001846</subfield>
   <subfield code="j">KGT.0001847</subfield>
   <subfield code="j">KGT.0001803</subfield>
   <subfield code="j">KGT.0001806</subfield>
   <subfield code="j">KGT.0001809</subfield>
   <subfield code="j">KGT.0001811</subfield>
   <subfield code="j">KGT.0001814</subfield>
   <subfield code="j">KGT.0001817</subfield>
   <subfield code="j">KGT.0001822</subfield>
   <subfield code="j">KGT.0001825</subfield>
   <subfield code="j">KGT.0001827</subfield>
   <subfield code="j">KGT.0001830</subfield>
   <subfield code="j">KGT.0001833</subfield>
   <subfield code="j">KGT.0001836</subfield>
   <subfield code="j">KGT.0001838</subfield>
   <subfield code="j">KGT.0001841</subfield>
   <subfield code="j">KGT.0001844</subfield>
  </datafield>
  <datafield tag="910" ind1="0" ind2="#">
   <subfield code="a">nhnam</subfield>
   <subfield code="d">22/06/2011</subfield>
  </datafield>
  <datafield tag="980" ind1="#" ind2="#">
   <subfield code="a">Trung tâm Học liệu Lê Vũ Hùng, Trường Đại học Đồng Tháp</subfield>
  </datafield>
 </record>
</collection>
